| 000 | 00375nam a22001337a 4500 | ||
|---|---|---|---|
| 008 | 250505b |||||||| |||| 00| 0 eng d | ||
| 020 | _a9783001922 | ||
| 050 |
_aPR228.L58 _b.045 |
||
| 100 | _aObiechina Emmanuel | ||
| 245 | _aLiterature for WAEC 1981-1984 Okike Educational supplement number 3 | ||
| 260 |
_aUwani, ENUGU _bStar printing _c1982 |
||
| 300 | _a170p. | ||
| 942 | _cBK | ||
| 999 |
_c3298 _d3298 |
||